000 00934cab a22002055a 4500
001 L153249
008 110630e20110625xxk 000 0 eng d
035 _a(Sirsi) u153249
041 0 _aeng
100 1 _aPerrott, Roy
245 0 0 _aGet the hang of it
260 _c2011
490 _aEstates Gazette
_v(1125) 25 June 2011, 101(1)
520 _aFlying freeholds and the challenges they present. They rarely benefit from adequate rights of support, protection and access and as a result many lenders are suspicious of them and some will not lend on any property with such a freehold. Warns that in practice there is no solution to the problems that affect these freeholds but awareness of their associated difficulties can help tidy up the position before a property is marketed or redeveloped.
590 _aKA
651 4 _aEngland
_y886-
690 _aLANDLORD AND TENANT-LEASES
700 1 _aBrandes, Antonia
942 _n0
999 _c83240
_d83240